| 000 | 01245nam a22003857a 4500 | ||
|---|---|---|---|
| 001 | 000408 | ||
| 003 | DO-SdBPM | ||
| 005 | 20250801073528.0 | ||
| 007 | ta | ||
| 008 | 160720b1985 sp | |||| 00| 0 spa d | ||
| 020 | _a8422624354 | ||
| 040 |
_aDO-SdBPM _bspa _cBPMSU _erda |
||
| 082 | 4 |
_a813.5 _bH666r 1988 _222 |
|
| 092 |
_axxxxx _bxxxxx |
||
| 100 | 1 |
_aHinton, S. E. _d1950- _e autor |
|
| 240 | 1 | 0 |
_a[The outsiders. _lEspañol |
| 245 | 1 | 0 |
_aRebeldes / _cS.E. Hinton ; traducción de Miguel Martínez-Lage. |
| 260 | _c | ||
| 264 |
_aBarcelona, España : _bCírculo de Lectores, _c1988 |
||
| 300 |
_a188 págians : _c21 cm. _e _b |
||
| 336 |
_atexto _btxt _2rdacontent |
||
| 337 |
_asin mediación _bn _2rdamedia |
||
| 338 |
_avolumen _bnc _2rdacarrier |
||
| 490 | 0 |
_aOnda joven ; _aTemas críticos |
|
| 490 | 0 | _aCirculo de lectores | |
| 590 | _aInventariado, 2025/VM | ||
| 650 | 7 |
_aNovela juvenil estadounidense _v |
|
| 650 | 7 | _aAdolescentes en la litetura | |
| 650 | 7 |
_aDelincuencia _vNovela juvenil |
|
| 700 | 1 |
_aMartínez-Lage, Miguel, _d1961-2011. _etraductor |
|
| 910 | _aVMateo V. Control de calidad. BPMSU | ||
| 942 |
_2ddc _cBK |
||
| 945 | _aInventariado, 2018/ YL | ||
| 956 |
_2LOPEREZ _310 _620160720 _8BPMSU _a00041 |
||
| 999 |
_c10985 _d10985 |
||